Electronic logic circuits / (Record no. 3798)

000 -LEADER
fixed length control field 00368nam a22001457a 4500
008 - FIXED-LENGTH DATA ELEMENTS--GENERAL INFORMATION
fixed length control field 200701b ||||| |||| 00| 0 eng d
020 ## - INTERNATIONAL STANDARD BOOK NUMBER
International Standard Book Number 0713135077
082 00 - DEWEY DECIMAL CLASSIFICATION NUMBER
Classification number 621.3815
Item number G4481
100 ## - MAIN ENTRY--PERSONAL NAME
9 (RLIN) 3138
Personal name Gibson, R.
245 10 - TITLE STATEMENT
Title Electronic logic circuits /
260 ## - PUBLICATION, DISTRIBUTION, ETC. (IMPRINT)
Place of publication, distribution, etc London
Name of publisher, distributor, etc ELBS
Date of publication, distribution, etc 1983
300 ## - PHYSICAL DESCRIPTION
Extent vi, 122 p.
650 #0 - SUBJECT ADDED ENTRY--TOPICAL TERM
Topical term or geographic name as entry element Logic circuits
942 ## - ADDED ENTRY ELEMENTS (KOHA)
Item type Books
Holdings
Withdrawn status Lost status Source of classification or shelving scheme Damaged status Not for loan Permanent location Current location Date acquired Full call number Barcode Date last seen Koha item type
          IMU Kolkata IMU Kolkata 2020-07-01 621.3815 G4481 06856 2020-07-01 Books
          IMU Kolkata IMU Kolkata 2020-07-01 621.3815 G4481 06857 2020-07-01 Books
Designed and Maintained by IMU-KC Library, Kolkata Campus © Copyright All Rights Reserved

webs counters

Powered by Koha